书目信息 |
| 题名: |
决胜高考那些事儿
|
|
| 作者: | 姚新平 主编 | |
| 分册: | ||
| 出版信息: | 长春 吉林摄影出版社 2016 |
|
| 页数: | 248页 | |
| 开本: | 29cm | |
| 丛书名: | ||
| 单 册: | ||
| 中图分类: | G632.46 , G632.474 | |
| 科图分类: | ||
| 主题词: | 高中生--学习方法 , 高考--经验 | |
| 电子资源: | ||
| ISBN: | 978-7-5498-2214-0 | |
| 000 | 00970nam0 2200265 450 | |
| 001 | 012001002928 | |
| 005 | 20131031163050.0 | |
| 010 | @a978-7-5498-2214-0@dCNY29.90 | |
| 100 | @a20150920d2016 em y0chiy50 ea | |
| 101 | 0 | @achi |
| 102 | @aCN@b220000 | |
| 105 | @aa z 000yy | |
| 106 | @ar | |
| 200 | 1 | @a决胜高考那些事儿@9jue sheng gao kao na xie shi er@e少用功得高分的霸道学法攻略@f姚新平主编 |
| 210 | @a长春@c吉林摄影出版社@d2016 | |
| 215 | @a248页@c图@d29cm | |
| 330 | @a本书讲的是学习高手们高效学习、高效备考的成功经验以及高效能人士纵横人生的黄金法则,直击考试根本及人性弱点,不仅有助于学生赢得高考,也有助于学生成为未来的高效能人士。 | |
| 517 | 1 | @a少用功得高分的霸道学法攻略@9shao yong gong de gao fen de ba dao xue fa gong lue |
| 606 | 0 | @a高中生@x学习方法 |
| 606 | 0 | @a高考@x经验 |
| 690 | @aG632.46@v5 | |
| 690 | @aG632.474@v5 | |
| 701 | 0 | @a姚新平@9yao xin ping@4主编 |
| 801 | 0 | @aCN@b江苏凤凰@c20191020 |
| 905 | @b1231252-5@dG632.46@e772@f4 | |
| 决胜高考那些事儿:少用功得高分的霸道学法攻略/姚新平主编.-长春:吉林摄影出版社,2016 |
| 248页:图;29cm |
| ISBN 978-7-5498-2214-0:CNY29.90 |
| 本书讲的是学习高手们高效学习、高效备考的成功经验以及高效能人士纵横人生的黄金法则,直击考试根本及人性弱点,不仅有助于学生赢得高考,也有助于学生成为未来的高效能人士。 |
| ● |
| 相关链接 |
|
|
|
|
正题名:决胜高考那些事儿
索取号:G632.46/772
 
预约/预借
| 序号 | 登录号 | 条形码 | 馆藏地/架位号 | 状态 | 备注 |
| 1 | 1231252 | 212312521 | 第一样本阅览室/ [索取号:G632.46/772] | 在馆 | |
| 2 | 1231253 | 212312530 | 教育系资料室/ [索取号:G632.46/772] | 在馆 | |
| 3 | 1231254 | 212312549 | 教育系资料室/ [索取号:G632.46/772] | 在馆 | |
| 4 | 1231255 | 212312558 | 第四借阅区/ [索取号:G632.46/772] | 在馆 |